000 00485nam a22001697a 4500
003 CEME
005 20210628210452.0
008 210208b xxu||||| |||| 00| 0 eng d
040 _c.
082 _a297.64 MUH
100 _aMuhammad Mian, Syed Syed Muhammad Mian
_979510
245 _aSahaba-e-karam ka aehad-e-zarian misaali hakoomtain
260 _aLAHORE
_bMAKTABA MEMOODIA
_c1999
300 _a748P
650 _aISLAM-SAHABA-E-KARAM KA AEHAD-E-ZARIAN
_979511
942 _cBK
_2ddc
999 _c584546
_d584546